| 000 | 00651nam a2200169 4500 | ||
|---|---|---|---|
| 008 | 171212b xxu||||| |||| 00| 0 eng d | ||
| 020 | _a0155009818 | ||
| 082 |
_21995 _aDC 973 _bM66 |
||
| 100 |
_924832 _aMinkoff, Harvey,author. |
||
| 245 |
_a Exploring America : _b perspectives on critical issues / _cHarvey Minkoff, Evelyn Melamed. |
||
| 260 |
_aFort Worth : _b Harcourt Brace College Publishers, _c ©1995. |
||
| 300 |
_axii, 516 pages : _billustrations ; _c24 cm. |
||
| 500 | _aIncludes bibliographical references and index. | ||
| 650 | 0 |
_924833 _aUnited States _vHistory _xSources. |
|
| 700 |
_924834 _aMelamed, Evelyn B.,author. |
||
| 942 |
_2ddc _cDC |
||
| 999 |
_c8048 _d8048 |
||